| 000 | 01385nam a2200385Ii 4500 | ||
|---|---|---|---|
| 001 | DIGMINIM0022 | ||
| 003 | NyNyDIG | ||
| 008 | 161119s2015 sp o 000 f spa d | ||
| 006 | m o d | ||
| 007 | cr ||||||||||| | ||
| 035 | _a(OCoLC)969865052 | ||
| 040 |
_aDGITA _beng _erda _epn _cDGITA |
||
| 020 |
_a9788416375356 _q(eBook) |
||
| 020 |
_a8416375356 _q(eBook) |
||
| 050 | 1 | 4 | _aPQ6603.L2 ebook |
| 082 | 0 | 4 | _a863.5 |
| 100 | 1 |
_aBlasco Ibáñez, Vicente, _d1867-1928, _eauthor. |
|
| 245 | 1 | 3 |
_aLa bodega / _cVicente Blanco Ibáñez. |
| 264 | 1 |
_a[Barcelona] : _bEditorial Minimal, _c[2015] |
|
| 300 | _a1 online resource. | ||
| 336 |
_atext _btxt _2rdacontent |
||
| 337 |
_acomputer _bc _2rdamedia |
||
| 338 |
_aonline resource _bcr _2rdacarrier |
||
| 490 | 1 | _aColección Imprescindibles de la literatura castellana | |
| 588 | 0 | _aOnline resource; title from ePub title page (Digitalia, viewed November 21, 2016) | |
| 650 | 0 |
_aBars (Drinking establishments) _zSpain _vFiction. |
|
| 655 | 7 |
_aNature fiction. _2lcgft |
|
| 655 | 0 | _aElectronic books. | |
| 791 | 2 |
_aDigitalia (Firm), _edistributor. |
|
| 793 | 0 |
_gDigitalia eBook Collection: _aEditorial Minimal |
|
| 830 | 0 | _aColección Imprescindibles de la literatura castellana. | |
| 856 | 4 | 0 |
_3Digitalia Hispánica _uhttps://www.digitaliapublishing.com/a/40352/ |
| 910 | _aPremium collection: 2016 | ||
| 942 | _cRAA | ||
| 999 |
_c245554 _d245554 |
||